Ampliación y mejoramiento de la red de instalaciones de manejo de granos: Regionalización

Gorde:
Xehetasun bibliografikoak
Erakunde egilea: Consejo Nacional de Producción. Departamento de Planificación y Programación
Formatua: Texto
Argitaratua: San José: CNP
Etiketak: Etiketa erantsi
Etiketarik gabe, Izan zaitez lehena erregistro honi etiketa jartzen!

MARC

LEADER 00000 a a2200000 04500
001 16481
003
040
090 |a 012000  
110 |a Consejo Nacional de Producción. Departamento de Planificación y Programación  
245 |a Ampliación y mejoramiento de la red de instalaciones de manejo de granos: Regionalización  
260 |a San José:   |b CNP  
300 |a s.p  
999 |c 17097  |d 17097